Statistiques concernant Pays les plus similaires à la Chine

Cliquez ici pour prendre le quiz!

Statistiques générales

  • Ce quiz a été pris 79 fois
  • Le résultat moyen est 8 sur 10

Statistiques - réponses

TopPays% Correct
1Japon
99%
2Corée du Sud
93%
3Vietnam
86%
5Thaïlande
84%
8Inde
83%
4Indonésie
82%
10Taïwan
72%
6Malaisie
68%
9Philippines
63%
7Singapour
61%

Distribution des résultats

Percentile par nombre de réponses

% des personnes avec chaque résultat

Votre développement - résultats

Vous n’avez pas pris ce quiz